Movies Quiz

Random Movies or Marvel Quiz

Avengers: Infinity War - The Infinity Stones Quiz Stats

 Plays Quiz Updated Mar 19, 2020

Support Sporcle.
Go Orange.
Score 0/6 Timer 02:00
9 Plays Today
Stone % Correct
Time
97.7%
Soul
91.9%
Power
91.2%
Mind
89%
Reality
87.3%
Space
86.3%

From the Vault

5-hour Road Trip (Chicago)

by ahlasny

Time to take a trip down to Chi-Town.
Remove Ads.
Support Sporcle.
Get the best of Sporcle when you Go Orange. This ad-free experience offers more features, more stats, and more fun while also helping to support Sporcle. Thank you for becoming a member.

Show Comments

Extras

Top Quizzes Today


Score Distribution

Your Account Isn't Verified!

In order to create a playlist on Sporcle, you need to verify the email address you used during registration. Go to your Sporcle Settings to finish the process.

Report this User

Report this user for behavior that violates our Community Guidelines.

Details: